000 00537cam a22001931 4500
001 sa 64000891
003 DLC
005 20260227111959.0
008 760616s1963 xx 000 0 eng
010 _asa 64000891
035 _a(OCoLC)2231108
040 _aDLC
_cMNS
_dDLC
050 0 0 _aPZ3.A535
_bDe
_aPR9499.3.A5
100 1 _aAnand, Mulk Raj,
_d1905-2004.
245 1 0 _aDeath of a hero,
_bepitaph for Maqbool Sherwani; a novel.
260 _aBombay,
_bKutub-Popular
_c[1963]
300 _a94 p.
_c19 cm.
651 0 _aIndia
_vFiction.
999 _c56471
_d56471